Bài giảng cơ khí nông nghiệp
Bài giảng giới thiệu về máy kéo trong nông nghiệp, nguyên lý làm việc của động cơ đốt trong, cơ cấu trục khuỷu thanh truyền, cơ cấu phân phối khí, hệ thống cung cấp nhiên liệu v.v...
Shranjeno v:
| Glavni avtor: | |
|---|---|
| Format: | Knjiga |
| Jezik: | Undetermined |
| Izdano: |
Cần Thơ
Trường Đại học Cần Thơ
2000
|
| Teme: | |
| Oznake: |
Označite
Brez oznak, prvi označite!
|
| Thư viện lưu trữ: | Trung tâm Học liệu Trường Đại học Cần Thơ |
|---|
| LEADER | 00962nam a2200193Ia 4500 | ||
|---|---|---|---|
| 001 | CTU_38420 | ||
| 008 | 210402s9999 xx 000 0 und d | ||
| 082 | |a 620.10063 | ||
| 082 | |b B455 | ||
| 100 | |a Nguyễn, Bồng | ||
| 245 | 0 | |a Bài giảng cơ khí nông nghiệp | |
| 245 | 0 | |c Biên soạn: Nguyễn Bồng, Trương Văn Thảo, Trần Thanh Tâm | |
| 260 | |a Cần Thơ | ||
| 260 | |b Trường Đại học Cần Thơ | ||
| 260 | |c 2000 | ||
| 520 | |a Bài giảng giới thiệu về máy kéo trong nông nghiệp, nguyên lý làm việc của động cơ đốt trong, cơ cấu trục khuỷu thanh truyền, cơ cấu phân phối khí, hệ thống cung cấp nhiên liệu v.v... | ||
| 650 | |a Agricultural machinery,Agricultural mechanics,Machine design,Machine parts,Mechanical engineering | ||
| 904 | |i Minh | ||
| 980 | |a Trung tâm Học liệu Trường Đại học Cần Thơ | ||